书目信息 |
| 题名: |
医学伦理学
|
|
| 作者: | 丘祥兴 编 | |
| 分册: | ||
| 出版信息: | 北京 人民卫生出版社 2005 |
|
| 页数: | 276页 | |
| 开本: | 26cm | |
| 丛书名: | ||
| 单 册: | ||
| 中图分类: | R-05 | |
| 科图分类: | ||
| 主题词: | 医药学--关系 | |
| 电子资源: | ||
| ISBN: | 7-117-05612-6 | |
| 000 | 00650nam0 2200217 450 | |
| 001 | 0634457321 | |
| 005 | 20060930093725.01 | |
| 010 | @a7-117-05612-6@dCNY22.00 | |
| 100 | @a20060930d2005 km y0chiy0120 ea | |
| 101 | 0 | @achi |
| 102 | @aCN@b110000 | |
| 200 | 1 | @a医学伦理学@Ayi xue lun li xue@f丘祥兴 编@Fqiu xiang xing bian |
| 210 | @a北京@c人民卫生出版社@d2005 | |
| 215 | @a276页@d26cm | |
| 300 | @a普通高等教育"十五"国家级规划教材 | |
| 300 | @a全国高等学校教材(供基础、临床、预防、口腔医学类专业用) | |
| 606 | 0 | @a医药学@x关系 |
| 690 | @aR-05@v3 | |
| 701 | 0 | @a丘祥兴@Aqiu xiang xing@4编 |
| 801 | 0 | @aCN@bPFT@c20060930 |
| 905 | @a10447@dR-05@e16 | |
| 医学伦理学/丘祥兴 编.-北京:人民卫生出版社,2005 |
| 276页;26cm |
| 普通高等教育"十五"国家级规划教材.-全国高等学校教材(供基础、临床、预防、口腔医学类专业用) |
| ISBN 7-117-05612-6:CNY22.00 |
| ● |
| 相关链接 |
|
|
|
|
正题名:医学伦理学
索取号:R-05/16
 
预约/预借
| 序号 | 登录号 | 条形码 | 馆藏地/架位号 | 状态 | 备注 |
| 1 | 0501462 | 205014624 | 密集书库/ [索取号:R-05/16] | 在馆 | |
| 2 | 0501463 | 205014633 | 密集书库/ [索取号:R-05/16] | 在馆 | |
| 3 | 0501464 | 205014642 | 密集书库/ [索取号:R-05/16] | 在馆 |